Načítá se...

Jane eyre

Podrobná bibliografie
Hlavní autoři: Bronte, Charlotte, Kennett, John
Médium: Printed Book
Vydáno: New Delhi, S Chand 1979
Témata:
LEADER 004770000a22001690004500
041 |a en 
082 |a 823 BRO/J L9 
100 |a Bronte, Charlotte 
100 |a Kennett, John  |f Retold 
245 |a Jane eyre 
260 |a New Delhi, S Chand 
260 |c 1979 
650 |a English literature 
650 |a Novel 
942 |c BK 
999 |c 152113  |d 152109 
952 |0 0  |1 0  |4 0  |6 823_000000000000000_BRO_J_L9  |7 0  |9 150931  |a SCK  |b SCK  |d 2017-10-23  |l 0  |o 823 BRO/J L9  |p SCK02995  |r 2017-10-23  |w 2017-10-23  |y BK